Vplyv vybraných faktorov na vývoj cien nehnuteľností
V cenách nehnuteľností sa odzrkadľuje široká škála ekonomických skutočností, od životnej úrovne obyvateľstva až po aktuálnu fázu ekonomického cyklu. Kvantifikovanie efektov, ktoré súvisia s prílevom priamych zahraničných investícií do regiónu.
Na minha lista:
| Autor principal: | |
|---|---|
| Outros Autores: | |
| Formato: | Capítulo de Livro |
| Idioma: | eslovaco |
| Assuntos: | |
| Tags: |
Sem tags, seja o primeiro a adicionar uma tag!
|
MARC
| LEADER | 00000nla a2200000 4500 | ||
|---|---|---|---|
| 001 | 0223527 | ||
| 005 | 20240502073646.3 | ||
| 041 | 0 | |a slo | |
| 044 | |a SK | ||
| 245 | 1 | 0 | |a Vplyv vybraných faktorov na vývoj cien nehnuteľností |c Dušan Steinhauser, Martin Garaj |
| 520 | |a V cenách nehnuteľností sa odzrkadľuje široká škála ekonomických skutočností, od životnej úrovne obyvateľstva až po aktuálnu fázu ekonomického cyklu. Kvantifikovanie efektov, ktoré súvisia s prílevom priamych zahraničných investícií do regiónu. | ||
| 610 | 2 | 0 | |a trh |
| 610 | 2 | 0 | |a nehnuteľnosti |
| 610 | 2 | 0 | |a hodnota nehnuteľností |
| 610 | 2 | 0 | |a sadzby úrokové |
| 610 | 2 | 0 | |a obchod s nehnuteľnosťami |
| 610 | 2 | 0 | |a trh realitný |
| 610 | 2 | 0 | |a investície priame zahraničné |
| 100 | 1 | |a Steinhauser, Dušan, 1988- | |
| 700 | 1 | |a Garaj, Martin | |